| Tag |
First Indicator |
Second Indicator |
Subfields |
| LEADER |
00000cam a2200000 4500 |
| 001 |
in00000022813 |
| 005 |
20151007064141.0 |
| 008 |
751023c19661964nyu 00001 eng |
| 010 |
|
|
|a 66011338
|
| 035 |
|
|
|a (OCoLC)01729542
|
| 035 |
|
|
|9 AAD9174AM
|
| 040 |
|
|
|a DLC
|c TNH
|d TXA
|d UtOrBLW
|
| 049 |
|
|
|a TXAM
|c [460883]
|
| 050 |
|
0 |
|a PZ4.M15394
|b To
|
| 090 |
|
|
|a PR6063.A2425
|b T63 1966
|
| 092 |
|
|
|a 823
|b M153t
|
| 100 |
1 |
|
|a Mackay, Shena.
|
| 245 |
1 |
0 |
|a Toddler on the run /
|c a novel.
|
| 264 |
|
1 |
|a New York :
|b Simon and Schuster,
|c [1966]
|
| 264 |
|
4 |
|c [©1964]
|
| 300 |
|
|
|a 105 pages ;
|c 21 cm.
|
| 336 |
|
|
|a text
|b txt
|2 rdacontent
|
| 337 |
|
|
|a unmediated
|b n
|2 rdamedia
|
| 338 |
|
|
|a volume
|b nc
|2 rdacarrier
|
| 999 |
|
|
|a MARS
|
| 999 |
f |
f |
|s ce06cb31-c5d0-3772-9c79-311cd6d37b1a
|i fd1c1e49-c368-3ede-8c32-cf06a0c4821f
|t 0
|
| 952 |
f |
f |
|p ric
|a Texas A&M University
|b Rellis Campus
|c Joint Library Facility
|d Remote Storage
|t 0
|e PR6063.A2425 T63 1966
|h Library of Congress classification
|i unmediated -- volume
|m A14801324771
|
| 998 |
f |
f |
|a PR6063.A2425 T63 1966
|t 0
|l Remote Storage
|